000 00715nam a2200205Ia 4500
008 0000001979 usa 0000000000eng00
090 _aPRU00 C31m3
100 1 _aChagall, Marc
_d1887
245 1 0 _aMarc Chagall
_b: paintings and temperas 1975-1978
_c/ photography Jacqueline Hyde
300 _a[32] p.
_c/ 28 cm.
500 _aExposición realizada en Pierre Matisse Gallery, New York, Mayo, 1979
600 0 0 _aCHAGALL, MARC, 18871985/
_xTRABAJOS PICTORICOS
650 1 4 _aARTE CONTEMPORANEO RUSO
650 1 4 _xCATALOGOS
650 1 4 _xEXPOSICIONES
650 1 4 _aPINTORES RUSOS
650 1 4 _aPINTURA RUSA
700 1 _aHyde, Jacqueline
999 _c8212
_d8212
260 _aNew York : Pierre Matissse Gallery
_c1979